A leitura e a escrita: estratégias de ensino para todas as disciplinas
Saved in:
| Main Author: | |
|---|---|
| Format: | Unknown |
| Language: | Portuguese |
| Published: |
Lisboa
Presença
2000
|
| Edition: | 2ª ed |
| Textbook Catalogue: | MANES: Library Catalog Search Result |
| Textbook Classification: |
|
| Series: | Ensinar e aprender
|
| Tags: |
Add Tag
No Tags, Be the first to tag this record!
|
| Added to: | 2016-04-26 |
| Changed in: | 2025-04-25 |
MARC
| LEADER | 000000000a22000000004500 | ||
|---|---|---|---|
| 001 | 31905 | ||
| 003 | OSt | ||
| 005 | 20250425111612.0 | ||
| 008 | 160427s pt ||||| |||| 00| 0 por d | ||
| 040 | |c centro_manes | ||
| 041 | 1 | |a por | |
| 100 | 1 | |a Contente, Madalena |9 16798 | |
| 245 | 0 | 0 | |a A leitura e a escrita: estratégias de ensino para todas as disciplinas |
| 250 | |a 2ª ed | ||
| 260 | 3 | |a Lisboa |b Presença |c 2000 | |
| 300 | |a 95, [1] p.; |c 21 cm | ||
| 440 | |a Ensinar e aprender |9 16799 | ||
| 561 | |5 pt-BNP |a Portugal. Biblioteca Nacional de Portugal |k MANES | ||
| 690 | |a LEN | ||
| 691 | |a SE | ||
| 942 | |2 ddc |c BK | ||
| 546 | |a Portugal | ||
| 999 | |c 33367 |d 33367 | ||
| 999 | |c manes:33367 |d 33367 | ||